Quản trị học

Đã lưu trong:
书目详细资料
主要作者: Ts.Đoàn Gia Dũng
格式: 图书
语言:Vietnamese
出版: TKE 2002
标签: 添加标签
没有标签, 成为第一个标记此记录!
Thư viện lưu trữ: Mạng thư viện Đại học Đà Nẵng
LEADER 00610nam a2200277 4500
001 000026049
003 1586
005 20150325120000.0
008 150325s vm 000 vie
020 |c 30000,0000 
040 |a NOTTS 
100 |a Ts.Đoàn Gia Dũng 
245 |a Quản trị học 
260 |b TKE  |c 2002 
300 |a 216tr. ; 
OWN |a LTT 
999 |a From the UDN01 
TYP |a Monograph 
TYP |a Printed language 
980 |a Mạng thư viện Đại học Đà Nẵng